Straw Realisations (No 1) Ltd (formerly known as Haymills (contractors) Ltd (in administration)) v Shaftsbury House (Developments) Ltd (Record no. 83037)
[ view plain ]
| 000 -LEADER | |
|---|---|
| fixed length control field | 01141cad a22001935a 4500 |
| 001 - CONTROL NUMBER | |
| control field | L152626 |
| 008 - FIXED-LENGTH DATA ELEMENTS--GENERAL INFORMATION | |
| fixed length control field | 110406e20101020xxk 000 0 eng d |
| 035 ## - SYSTEM CONTROL NUMBER | |
| System control number | (Sirsi) u152626 |
| 041 0# - LANGUAGE CODE | |
| Language code of text/sound track or separate title | eng |
| 245 00 - TITLE STATEMENT | |
| Title | Straw Realisations (No 1) Ltd (formerly known as Haymills (contractors) Ltd (in administration)) v Shaftsbury House (Developments) Ltd |
| Medium | [electronic resource] |
| 260 ## - PUBLICATION, DISTRIBUTION, ETC. | |
| Date of publication, distribution, etc. | 2010 |
| 520 ## - SUMMARY, ETC. | |
| Summary, etc. | [2010] EWHC 2597 (TCC), 20th October 2010. Concerns adjudication, enforcement of adjudicator's award by party in administration, effect of party being in administration, effect of contractual provisions, as to finality, as to administration. Held: the adjudicator's decision upheld. |
| 590 ## - LOCAL NOTE (RLIN) | |
| Local note | KA NTK |
| 650 24 - SUBJECT ADDED ENTRY--TOPICAL TERM | |
| Topical term or geographic name entry element | STRAW REALISATIONS (NO 1) LTD V SHAFTSBURY HOUSE (DEVELOPMENTS) LTD |
| 651 #4 - SUBJECT ADDED ENTRY--GEOGRAPHIC NAME | |
| Geographic name | England and Wales |
| Chronological subdivision | 1543- |
| 690 ## - LOCAL SUBJECT ADDED ENTRY--TOPICAL TERM (OCLC, RLIN) | |
| Topical term or geographic name as entry element | BUILT ENVIRONMENT-CONSTRUCTION MANAGEMENT-BUILDING CONTRACT ADMINISTRATION |
| 856 40 - ELECTRONIC LOCATION AND ACCESS | |
| Uniform Resource Identifier | <a href="https://www.bailii.org/cgi-bin/markup.cgi?doc=/ew/cases/EWHC/TCC/2010/2597.html&query=title+(+straw+)+and+title+(+realisations+)&method=boolean">https://www.bailii.org/cgi-bin/markup.cgi?doc=/ew/cases/EWHC/TCC/2010/2597.html&query=title+(+straw+)+and+title+(+realisations+)&method=boolean</a> |
| Public note | View this item free of charge at www.bailii.org |
| 942 ## - ADDED ENTRY ELEMENTS (KOHA) | |
| Suppress in OPAC | 0 |
| Withdrawn status | Lost status | Source of classification or shelving scheme | Damaged status | Not for loan | Home library | Current library | Shelving location | Date acquired | Total Checkouts | Full call number | Barcode | Date last seen | Copy number | Price effective from | Koha item type |
|---|---|---|---|---|---|---|---|---|---|---|---|---|---|---|---|
| Dewey Decimal Classification | Virtual | Virtual | Online | 06/04/2011 | ONLINE PUBLICATION | 152626-2001 | 06/08/2019 | 1 | 06/08/2019 | Law report |